000 00569nam a2200181Ia 4500
008 100921s9999 xx 000 0 und d
082 _b25730
_a891.463 थ 85
100 _aकदम बाबा.
245 _aभालू.
260 _bशशीदीप प्रकाशन, पुणे.
_c1985
300 _a211
_bरसिक साहित्य,पुणे
365 _b70
520 _aललित-कादंबरी.
630 _aभालू.
650 _aललित-कादंबरी.
730 _aभालू.
942 _cBOOK
999 _c774843
_d774840